| 000 | 00710nam a22002291 4500 | ||
|---|---|---|---|
| 001 | 142020 | ||
| 003 | ES-MaACL | ||
| 005 | 20250815112923.0 | ||
| 007 | t| | ||
| 008 | 071002s1971 sp ||||0| spa d | ||
| 016 | 7 | _zIND2000946353 | |
| 040 |
_aM-BN _bspa _cCDM |
||
| 080 | _a66.01(04) | ||
| 100 | 1 |
_aWilliams, Theodore J. _9116954 |
|
| 245 | 1 | 0 |
_aIngeniería de los procesos industriales / _cTheodore J. Williams ; [versión española de Casiano Alfonso y Gabriel Tejo]. |
| 250 | _a1ª ed. | ||
| 260 |
_aMadrid : _bAlhambra, _c1971. |
||
| 300 |
_aVIII, 230 p. : _bil ; _c23 cm. |
||
| 650 | 1 | 7 |
_aQuímica industrial _2embne _916636 |
| 852 |
_aES-MaACL _jC-41486 _bR.80307 |
||
| 999 |
_c142020 _d142020 |
||